01597aam a2200529 450000500170000000800410001704100080005808200160006610000330008224500430011526000150015826000100017326000090018330000180019265000330021065000220024365000280026565000340029365000320032765000460035965000300040565000170043565000190045265000140047165000340048565000230051965000310054265000260057365000270059965000290062665000240065565000290067965000310070865000330073965000350077265000170080765000110082465000130083565000090084865000270085765000230088465000260090765000350093394200070096899900150097595200770099020241010130551.0161215b xxu||||| |||| 00| 0 spa d aspa a658.3 B276m aBarrionuevo, Leopoldo935512 aMotivación para el trabajo en equipo aCosta Rica bNorma c2001 a157 páginas aADMINISTRACIÓN DE PERSONAL aTRABAJO EN EQUIPO aPERSONALIDAD Y CONDUCTA aDINÁMICA DE LA PERSONALIDAD aACTITUD MENTAL Y ENTUSIASMO aCONSTRUCCIÓN DE ACTITUD MENTAL POSITIVA aESTRÉS Y PREOCUPACIÓN aMOTIVACIÓN aCOMUNICACIÓN aLIDERAZGO aCLASIFICACIÓN DEL LIDERAZGO aLIDERAZGO PERSONAL aESTRATEGIAS DE FIJAR METAS aEMPATÍA Y CRÍTICA aLA VENTA DE SÍ MISMO aMERCADEAR SU PROFESIÓN aPSICOLOGÍA SOCIAL aCOMUNICACIÓN EMOCIONAL aLA COMUNICACIÓN EFECTIVA aCOMUNICACIÓN EN LA EMPRESA aLA DISCUSIÓN Y SUS MÉTODOS aMESA REDONDA aDEBATE aSIMPOSIO aFORO aINTELIGENCIA EMOCIONAL aRELACIONES HUMANAS aCONCEPTO DE MARKETING aCONCEPTO DE RELACIONES HUMANAS cBK c4559d4559 102ddc4070aBACBbBACBh1 edicióno658.3 B276Mp8986w2016-12-15yBK